A history of economic thought
Introducted us history of economic though
Guardado en:
| Autor principal: | |
|---|---|
| Formato: | Libro |
| Lenguaje: | Undetermined |
| Publicado: |
New York
Prentice-Hall
1946
|
| Materias: | |
| Etiquetas: |
Agregar Etiqueta
Sin Etiquetas, Sea el primero en etiquetar este registro!
|
| Thư viện lưu trữ: | Trung tâm Học liệu Trường Đại học Cần Thơ |
|---|
| LEADER | 00564nam a2200205Ia 4500 | ||
|---|---|---|---|
| 001 | CTU_220572 | ||
| 008 | 210402s9999 xx 000 0 und d | ||
| 082 | |a 330.09 | ||
| 082 | |b R749 | ||
| 100 | |a Roll, Eric | ||
| 245 | 2 | |a A history of economic thought | |
| 245 | 0 | |c Erich Roll | |
| 260 | |a New York | ||
| 260 | |b Prentice-Hall | ||
| 260 | |c 1946 | ||
| 520 | |a Introducted us history of economic though | ||
| 650 | |a Economics,Kinh tế | ||
| 650 | |x History,Lịch sử | ||
| 904 | |i Nguyên | ||
| 980 | |a Trung tâm Học liệu Trường Đại học Cần Thơ | ||